| 000 | 00800cam a2200277 4500500 | ||
|---|---|---|---|
| 005 | 20260405002120.0 | ||
| 041 | _afre | ||
| 042 | _adc | ||
| 100 | 1 | 0 |
_aLegros, Martin _eauthor |
| 245 | 0 | 0 | _aLa terreur va-t-elle nous changer? |
| 260 | _c2015. | ||
| 500 | _a68 | ||
| 690 | _aAttentat | ||
| 690 | _aCatherine Kintzler | ||
| 690 | _aEtgar Keret | ||
| 690 | _afanatisme | ||
| 690 | _aFrédéric Gros | ||
| 690 | _aHamadi Redissi | ||
| 690 | _aMarcel Gauchet | ||
| 690 | _aPatrick Boucheron | ||
| 690 | _aPhilippe-Joseph Salazar | ||
| 690 | _aTerreur | ||
| 690 | _aTerrorisme | ||
| 786 | 0 | _nPhilosophie magazine | 95 | 12-1 | 2015-12-01 | p. 56-56 | 1951-1787 | |
| 856 | 4 | 1 | _uhttps://shs.cairn.info/magazine-philosophie-magazine-2015-12-1-page-56?lang=fr&redirect-ssocas=7080 |
| 999 |
_c2054388 _d2054388 |
||